Top 10 Afrikanische Länder - WM Teilnahmen - Statistiken

Allgemein
  • Dieses Quiz wurde 173 mal gespielt
  • Das Durchschnittsergebnis liegt bei 8 aus 10
Antwortstatistiken
WM Nation % Korrekt
6 Marokko
86%
3 Ägypten
85%
4 Algerien
80%
3 Südafrika
80%
4 Ghana
76%
8 Kamerun
75%
6 Nigeria
75%
6 Tunesien
75%
3 Senegal
70%
3 Elfenbeinküste
69%
Keine übereinstimmenden Quizze gefunden
Verteilung der Resultate
Anzahl Personen mit jedem Resultat
Perzentil nach korrekt beantworteten Fragen
Ihre Resultats-Entwicklung
Sie haben dieses Quiz noch nicht gespielt